| 000 | 00758cam a2200205 a 4500 | ||
|---|---|---|---|
| 001 | 000019102 | ||
| 005 | 20200929165926.0 | ||
| 008 | 750618s1966 ve abc 000 0 spa d | ||
| 040 |
_aDO-SdBNP _bspa _cDLC _dBNPHU |
||
| 082 |
_a923.9 _bM672p |
||
| 100 | 1 |
_aPineda, Rafael, _d1926- _941100 |
|
| 245 | 1 | 0 |
_aFrancisco de Miranda en Italia / _cRafael Pineda. |
| 260 |
_aLos Teques [Venezuela] : _bGobierno del Estado Miranda, _bCasa de la Cultura Los Teques, _c1966. |
||
| 300 |
_a86 p. : _bil., mapas, retrs. ; _c22 cm. |
||
| 500 | _a"Homenaje en el sesquicentenario de la muerte de Miranda." | ||
| 600 | 1 | 4 |
_aMIRANDA, FRANCISCO DE, _d1750-1816. _910352 |
| 651 | 4 |
_aItalia _xDescripciones Y Viajes. _941106 |
|
| 910 | _aCatalogación derivada / LC | ||
| 049 | _aBNGR | ||
| 999 |
_c18620 _d18620 |
||